Histoire de "camarades" : Les homosexuels en Chine /

Uloženo v:
Podrobná bibliografie
Hlavní autor: Huashan, Zhou
Médium: Kniha
Jazyk:angličtina
Vydáno: Cahors Editions Paris-Méditerranée 1997
Tagy: Přidat tag
Žádné tagy, Buďte první, kdo vytvoří štítek k tomuto záznamu!

MARC

LEADER 00000nam a2200000 4500
001 CDOM0000004539
003 mi
005 20251013120211.0
008 251013b |||||||| |||| 00| 0 eng d
020 |a 2842720237 
040 |c mi 
100 |a Huashan, Zhou 
245 1 |a Histoire de "camarades" :  |b Les homosexuels en Chine /  |c Zhou Huashan ; ouvrage traduit du chinois par Frank Lee et M.-T. Marek 
260 |a Cahors  |b Editions Paris-Méditerranée  |c 1997 
300 |a 215 p.  |c 21 cm. 
942 |2 ddc  |c BK 
952 |0 0  |1 0  |2 ddc  |4 0  |6 B_SSP03HUAZHHIS11  |7 0  |9 9028  |a MI  |b MI  |d 2010-09-29  |i 5928  |l 0  |o B-SSP03-HUAZH-HIS11  |p CDOM5928  |r 2025-07-17 21:50:00  |w 2025-07-17  |x DONO  |y BK 
999 |c 7521  |d 7521